000
00298nam a2200121Ia 4500
008
190802s9999 xx 000 0 und d
020
_a
0-8153-3218-1
100
_a
Bruce Alberts
245
0
_a
Essential Cell Biology
260
_a
New York
_b
Garland Science
_c
2014
300
_a
726:P
942
_c
BK
999
_c
2173
_d
2173